| 000 | 01680nam a2200337 c 4500 | ||
|---|---|---|---|
| 003 | BLK | ||
| 005 | 20221018150636.0 | ||
| 008 | 180409b bul|||||r ||||||| ||bul|| | ||
| 010 | _aKNG00147825000 | ||
| 040 | _aBLK | ||
| 041 |
_aRUS _cRUS |
||
| 080 |
_aЛитература на отделни езици и езикови семейства _b821 _x-93-34 _z821-93-34 |
||
| 080 |
_aБългарска литература _b821.163.2 _x-93-34 _z821.163.2-93-34 |
||
| 700 | 1 |
_aАладжов, Чавдар Димитров _eсостав. _9376513 |
|
| 700 | 1 |
_aАрсеньев, Валентин Пантелеев _9379384 |
|
| 700 | 1 |
_aАндреева, Раиса _eред. _9379549 |
|
| 700 | 1 |
_aСтоев, Борислав _eхудож. _9372214 |
|
| 139 |
_aМорские сказки _bМ 90 |
||
| 245 | 1 | 0 |
_aМорские сказки _bСб. приказки от цял свят : Т. 1 - _cсостав. Чавдар Димитров Аладжов; пер. с болг. Валентин Арсеньев; ред. Раиса Андреева; худож. Борислав Стоев. _nТ. 1 |
| 257 | _aBGR | ||
| 260 |
_аСофия _bСофия-пресс _c1973 - |
||
| 300 | _c31 см | ||
| 380 | _aDX | ||
| 500 | _aОриг. загл. Морски приказки от цял свят. - Други прев. : Раиса Андреева, Лев Жанов, М. Салье. | ||
| 760 | 1 |
_d1973 _h111 с. : с ил. _n100 000 тир. _tТ. 1 |
|
| 852 | _aЦб ІІ 18422 | ||
| 856 | 4 |
_qpdf _u |
|
| 856 | 4 |
_qpdf _u |
|
| 942 |
_cKNG _n0 |
||
| 944 |
_aCR _c31.07.2013 _l31.07.2013 - от С1,Р / 31.07.2013 _kАйшегюл_Сабриева |
||
| 944 |
_aED _c31.07.2013 _l31.07.2013 - от С1,Р / 31.07.2013 _k |
||
| 999 |
_c141751 _d141751 |
||